000 00252nam a2200097Ia 4500
001 646949
005 20250826153652.0
008 250824s9999 xx 000 0 und d
245 0 _aÖYKÜLERLE DEYİMLER UZUN LAFIN KISASI
_cHABİB BEKTAŞ
260 _bTUDEM
999 _c646949
_d646949